|
|
|
|
| LEADER |
00000nam0a2200000 4500 |
| 001 |
311560 |
| 005 |
20231102002410.0 |
| 020 |
|
|
|a RU
|b 82-23914
|
| 035 |
|
|
|a (RuTPU)RU\TPU\book\336917
|
| 090 |
|
|
|a 311560
|
| 100 |
|
|
|a 20151209d1982 m y0rusy5003 ca
|
| 101 |
0 |
|
|a rus
|
| 102 |
|
|
|a RU
|
| 105 |
|
|
|a a j 001zy
|
| 200 |
1 |
|
|a Динамика следящих приводов
|e учебное пособие для авиац. спец. вузов
|f Б. И. Петров [и др.]
|g под ред. Л. В. Рабиновича
|
| 205 |
|
|
|a 2-е изд., перераб. и доп.
|
| 210 |
|
|
|a Москва
|c Машиностроение
|d 1982
|
| 215 |
|
|
|a 496 с.
|c ил.
|d 22 см.
|
| 300 |
|
|
|a Авт. указаны на обороте тит. л.
|
| 305 |
|
|
|a Загл. 1-го изд.: Проектирование следящих систем
|
| 320 |
|
|
|a Библиогр.: с. 493-494
|
| 330 |
|
|
|a Следящий привод является необходимой составной частью систем автоматического сопровождения, рулевых устройств систем дистанционного управления, роботов и манипуляторов и т. п. Его динамические свойства оказывают существенное, а иногда и решающее влияние на успешное выполнение задачи управления. Поэтому расчет динамики — один из важных этапов в процессе проектирования перечисленных систем автоматического управления.Методика расчета динамики следящих приводов и составляет основное содержание настоящей книги. В ней рассмотрены вопросы выбора исполнительного двигателя (с учетом его ограниченных динамических возможностей) и редуктора, обеспечивающих необходимые условия выполнения требуемого закона движения выходного звена; а также выбора структуры и параметров всех элементов привода, обеспечивающих достаточные условия для получения требуемой динамической точности.
|
| 520 |
1 |
|
|a Проектирование следящих систем
|
| 606 |
1 |
|
|a Авиационные приводы синхронно-следящие
|x Динамика
|2 stltpush
|3 (RuTPU)RU\TPU\subj\492
|9 29401
|
| 606 |
1 |
|
|a Следящие приводы
|2 stltpush
|3 (RuTPU)RU\TPU\subj\55112
|9 73183
|
| 610 |
1 |
|
|a учебные пособия
|
| 610 |
1 |
|
|a дистанционное управление
|
| 610 |
1 |
|
|a рули
|
| 610 |
1 |
|
|a расчеты
|
| 610 |
1 |
|
|a редукторы
|
| 610 |
1 |
|
|a точность
|
| 675 |
|
|
|a 629.73.06(075.8)
|z rus
|v 3
|
| 675 |
|
|
|a 681.513.3(075.8)
|z rus
|v 3
|
| 701 |
|
1 |
|a Петров
|b Б. И.
|
| 701 |
|
1 |
|a Полковников
|b В. А.
|
| 701 |
|
1 |
|a Рабинович
|b Л. В.
|
| 702 |
|
1 |
|a Рабинович
|b Л. В.
|4 340
|
| 801 |
|
0 |
|a RU
|b RuMRKP
|c 19950704
|g psbo
|
| 801 |
|
1 |
|a RU
|b 63413507
|c 20151209
|
| 801 |
|
2 |
|a RU
|b 63413507
|c 20171019
|g RCR
|
| 942 |
|
|
|c BK
|